000 00356 a2200157 4500
001 71336
020 _a9788516080532
040 _cAnchieta - Colégio São Paulo
100 _aRocha, Ruth
240 1 0 _aHistorinhas malcriadas
_lpor
245 1 0 _aHistorinhas malcriadas
300 _a40
362 0 _a2012
650 4 _aLiteratura infantil
942 _cBK
999 _c71336
_d71336